000 00268nam a2200109Ia 4500
001 588701
005 20250717120836.0
008 250717s9999 xx 000 0 und d
245 0 _aY-5 TÜRK OKÇULU
_cPAUL E. KLOPSTEG
260 _bERDEM YAYINLARI
_c2019
300 _b271
999 _c588701
_d588701